00881nam a2200229 a 4500008004100000020000800041041000800049092001900057100002200076245003600098250001100134260003500145300001100180500007500191590003800266653004900304653004100353653005200394942001200446999001500458952017800473170301e1972 ag ||||f |||| 001 0 spa d aS/N aspa c171.6l24sFAR1 aFarre, Luis93149 aHombre y libertad /cLuis Farre a1a ed. aBuenos Aires:bColumba;c1972. a125 p. aFarre, L. (1972). Hombre y libertad. (1a ed.). Buenos Aires : Columba. aDonacion Dora Vera, febrero 2017. aSentido, fundamento y proceso de la libertad aReflexiones sobre la condicion libre aPosibles objeciones, afianzamiento y conclusion 2ddccBK c2358d2358 00102ddc40708NFICaBFMbBFMcCRd2017-03-01eDonacion Dora Vera, febrero 2017l0o171.6 24 FARp3784r2017-03-01tEj.1w2017-03-01yBKzDonacion Dora Vera, febrero 2017.